[Event "4NCL Division Two"]
[Site "Milton Keynes, ENG"]
[Date "2023.04.30"]
[Round "10.16"]
[White "Weber, Madeline"]
[Black "Pert, Max"]
[Result "0-1"]
[WhiteElo "2105"]
[BlackElo "2071"]
[PlyCount "60"]
[EventDate "2023.04.30"]
[WhiteTeam "Barnet Knights A"]
[BlackTeam "Barbican 4NCL"]

1. e4 c6 2. Nc3 d5 3. Nf3 Bg4 4. a3 Bxf3 5. Qxf3 Nf6 6. d3 e6 7. Be2 Be7 8. Qg3
O-O 9. e5 Ne8 10. O-O f5 11. Bh5 c5 12. Ne2 Nc6 13. c3 Kh8 14. Nf4 Nc7 15. Re1
g5 16. Ne2 f4 17. Nxf4 gxf4 18. Bxf4 Rg8 19. Qf3 Bg5 20. Bg3 Qe7 21. Qe2 Raf8
22. Rf1 Bf4 23. Bxf4 Rxf4 24. Rae1 Qg5 25. g3 Rf5 26. Bg4 Rxe5 27. Qf3 Rxe1 28.
Rxe1 Ne5 29. Qe2 Nxg4 30. Qxg4 Qxg4 0-1

[Event "4NCL Division Two"]
[Site "Milton Keynes, ENG"]
[Date "2023.04.30"]
[Round "10.17"]
[White "Slade, Robin"]
[Black "Willmoth, Robert F"]
[Result "0-1"]
[WhiteElo "2118"]
[BlackElo "2135"]
[PlyCount "80"]
[EventDate "2023.04.30"]
[WhiteTeam "Barbican 4NCL"]
[BlackTeam "Barnet Knights A"]

1. e4 d6 2. d4 Nf6 3. Bd3 g6 4. c3 Bg7 5. Nf3 O-O 6. Nbd2 c6 7. O-O Nbd7 8. Re1
e5 9. h3 Qc7 10. a4 h6 11. Qb3 Re8 12. Bc4 Nb6 13. dxe5 dxe5 14. Bf1 Be6 15.
Qc2 a5 16. b4 Bf8 17. Bb2 Nfd7 18. b5 cxb5 19. Bxb5 Rec8 20. Rad1 Bg7 21. Re3
Nc5 22. c4 Rd8 23. Nb3 Rxd1+ 24. Qxd1 Nbxa4 25. Ba3 Rd8 26. Qc2 Nxb3 27. Qxb3
Nc5 28. Qc3 b6 29. Bb2 Rd1+ 30. Kh2 Qd6 31. g3 Rd3 32. Rxd3 Qxd3 33. Nxe5 Qe2
34. Kg1 Nxe4 35. Qd4 Nd2 36. Qd8+ Kh7 37. Qd3 Qd1+ 38. Kh2 Bxe5 39. c5 Nf3+ 40.
Kg2 Ne1+ 0-1

[Event "4NCL Division Two"]
[Site "Milton Keynes, ENG"]
[Date "2023.04.30"]
[Round "10.18"]
[White "Badacsonyi, Stanley"]
[Black "Bhatia, Kanwal K"]
[Result "1-0"]
[WhiteElo "2154"]
[BlackElo "1952"]
[PlyCount "59"]
[EventDate "2023.04.30"]
[WhiteTeam "Barnet Knights A"]
[BlackTeam "Barbican 4NCL"]

1. d4 Nf6 2. Bg5 Ne4 3. Bf4 d5 4. e3 e6 5. Bd3 c5 6. Bxe4 dxe4 7. Nc3 cxd4 8.
Qxd4 Qxd4 9. exd4 f5 10. O-O-O Bd7 11. Nge2 Na6 12. a3 Rc8 13. d5 exd5 14. Rxd5
Nc7 15. Ra5 b5 16. Rxa7 Ne6 17. Be3 Be7 18. Rd1 Nc7 19. Bf4 Bd8 20. Nd5 Ne6 21.
Be5 Rf8 22. Rxd7 Kxd7 23. Nb6+ Kc6 24. Nxc8 Bg5+ 25. Kb1 Rd8 26. Rxd8 Bxd8 27.
Nd4+ Nxd4 28. Bxd4 g5 29. Na7+ Kd5 30. Nxb5 1-0

[Event "4NCL Division Two"]
[Site "Milton Keynes, ENG"]
[Date "2023.04.30"]
[Round "10.31"]
[White "Ward, Chris G"]
[Black "Davies, Nigel R"]
[Result "1/2-1/2"]
[WhiteElo "2382"]
[BlackElo "2381"]
[PlyCount "20"]
[EventDate "2023.04.30"]
[WhiteTeam "KJCA Kings"]
[BlackTeam "The ADs"]

1. c4 e6 2. Nc3 d5 3. d4 h6 4. g3 Nf6 5. Bg2 Nc6 6. Nf3 Bd6 7. O-O O-O 8. c5
Be7 9. Rb1 Ne4 10. Qc2 f5 1/2-1/2

[Event "4NCL Division Two"]
[Site "Milton Keynes, ENG"]
[Date "2023.04.30"]
[Round "10.32"]
[White "Kosten, Anthony C."]
[Black "Ismail, Mohammed Aayan"]
[Result "1-0"]
[WhiteElo "2354"]
[BlackElo "2261"]
[PlyCount "55"]
[EventDate "2023.04.30"]
[WhiteTeam "The ADs"]
[BlackTeam "KJCA Kings"]

1. c4 Nf6 2. g3 g6 3. Bg2 Bg7 4. Nc3 O-O 5. e4 c5 6. Nge2 Nc6 7. d3 d6 8. O-O
Rb8 9. h3 Ne8 10. Be3 Nd4 11. Rb1 Nxe2+ 12. Nxe2 Bd7 13. b4 Qc8 14. bxc5 dxc5
15. Kh2 Nd6 16. Qc1 b5 17. cxb5 Bxb5 18. Nf4 Qa6 19. Bxc5 e5 20. a4 Bxa4 21.
Nd5 Rxb1 22. Qxb1 Rd8 23. Qb4 Bc2 24. Qc3 Bxd3 25. Rd1 Be2 26. Ne7+ Kf8 27.
Rxd6 Rxd6 28. Nc8 1-0

[Event "4NCL Division Two"]
[Site "Milton Keynes, ENG"]
[Date "2023.04.30"]
[Round "10.33"]
[White "Dishman, Stephen"]
[Black "Richardson, John R"]
[Result "1/2-1/2"]
[WhiteElo "2267"]
[BlackElo "2278"]
[PlyCount "53"]
[EventDate "2023.04.30"]
[WhiteTeam "KJCA Kings"]
[BlackTeam "The ADs"]

1. d4 Nf6 2. Bg5 d5 3. e3 c5 4. Bxf6 gxf6 5. dxc5 e6 6. c4 dxc4 7. Nd2 c3 8.
bxc3 Nd7 9. c6 bxc6 10. Ngf3 Be7 11. Qc2 O-O 12. Bd3 Nc5 13. Be2 f5 14. O-O Qa5
15. Nd4 Bd7 16. Bf3 Rac8 17. Rab1 Rfd8 18. Rfc1 Bf6 19. Nc4 Qc7 20. g3 Rb8 21.
Rxb8 Rxb8 22. Rb1 Rxb1+ 23. Qxb1 Na4 24. Qb3 c5 25. Ne2 a6 26. Nd2 Qb6 27. Qxb6
1/2-1/2

[Event "4NCL Division Two"]
[Site "Milton Keynes, ENG"]
[Date "2023.04.30"]
[Round "10.34"]
[White "Snape, Ian L"]
[Black "Harakis, Alexis M"]
[Result "1-0"]
[WhiteElo "2173"]
[BlackElo "2268"]
[PlyCount "73"]
[EventDate "2023.04.30"]
[WhiteTeam "The ADs"]
[BlackTeam "KJCA Kings"]

1. c4 e6 2. g3 d5 3. Bg2 dxc4 4. Qc2 c6 5. a4 e5 6. Qxc4 Be6 7. Qc3 Nd7 8. d3
a5 9. Nd2 Bb4 10. Qc2 Nc5 11. Ngf3 e4 12. dxe4 Bb3 13. Qb1 Bxa4 14. O-O Bb5 15.
Re1 a4 16. Qc2 Ne7 17. Bf1 Nb3 18. Rb1 Qa5 19. Rd1 O-O 20. Nc4 Bxc4 21. Qxc4 b5
22. Qc2 c5 23. Bf4 Nc6 24. Bd6 Rfe8 25. e3 c4 26. e5 Rad8 27. Qf5 g6 28. Qf6
Bxd6 29. exd6 Re6 30. Qf4 f5 31. Ng5 Ree8 32. Bxc4+ Kg7 33. Ne6+ Rxe6 34. Bxe6
Nc5 35. Bd5 Qb6 36. Rbc1 Nb8 37. Qd4+ 1-0

[Event "4NCL Division Two"]
[Site "Milton Keynes, ENG"]
[Date "2023.04.30"]
[Round "10.35"]
[White "Verma, Aditya"]
[Black "Duggan, John E"]
[Result "1-0"]
[WhiteElo "2252"]
[BlackElo "2137"]
[PlyCount "55"]
[EventDate "2023.04.30"]
[WhiteTeam "KJCA Kings"]
[BlackTeam "The ADs"]

1. e4 c6 2. d4 d5 3. e5 c5 4. dxc5 e6 5. Be3 Qc7 6. Nf3 Bxc5 7. Bxc5 Qxc5 8.
Nbd2 Bd7 9. Bd3 Ne7 10. O-O Bb5 11. c4 dxc4 12. Rc1 Nbc6 13. Nxc4 Bxc4 14. Rxc4
Qd5 15. Qe2 Rd8 16. Rd1 Ng6 17. Bc2 Qa5 18. Rxd8+ Qxd8 19. h4 Qa5 20. h5 Nge7
21. a3 g6 22. Re4 h6 23. hxg6 Nxg6 24. Ra4 Qd8 25. Bxg6 fxg6 26. Qe4 Kf7 27.
Nd4 b5 28. Qf3+ 1-0

[Event "4NCL Division Two"]
[Site "Milton Keynes, ENG"]
[Date "2023.04.30"]
[Round "10.36"]
[White "Baltrunas, Evaldas"]
[Black "Merriman, James"]
[Result "1/2-1/2"]
[WhiteElo "2062"]
[BlackElo "2203"]
[PlyCount "38"]
[EventDate "2023.04.30"]
[WhiteTeam "The ADs"]
[BlackTeam "KJCA Kings"]

1. e4 e6 2. d4 d5 3. Bd3 dxe4 4. Bxe4 Nf6 5. Bf3 c5 6. Ne2 Nc6 7. Be3 cxd4 8.
Nxd4 Qa5+ 9. Qd2 Nxd4 10. Bxd4 Bb4 11. Bc3 Bxc3 12. Qxc3 Qxc3+ 13. Nxc3 Bd7 14.
O-O O-O-O 15. Rfd1 Kc7 16. Kf1 Bc6 17. Bxc6 Kxc6 18. Ke2 h5 19. a4 h4 1/2-1/2

[Event "4NCL Division Two"]
[Site "Milton Keynes, ENG"]
[Date "2023.04.30"]
[Round "10.37"]
[White "Verma, Shlok"]
[Black "Gamal, Alaa"]
[Result "1/2-1/2"]
[WhiteElo "2055"]
[BlackElo "1908"]
[PlyCount "92"]
[EventDate "2023.04.30"]
[WhiteTeam "KJCA Kings"]
[BlackTeam "The ADs"]

1. d4 Nf6 2. c4 e6 3. Nf3 Bb4+ 4. Bd2 a5 5. a3 Be7 6. Nc3 d5 7. e3 O-O 8. Bd3
b6 9. cxd5 exd5 10. Ne5 Ba6 11. Qe2 Ne4 12. Bxa6 Nxa6 13. Nc6 Nxc3 14. bxc3 Qd6
15. Nxe7+ Qxe7 16. O-O c5 17. Qd3 c4 18. Qb1 Rab8 19. Re1 Qe4 20. Qxe4 dxe4 21.
Rab1 a4 22. Rb5 Nc7 23. Re5 Rbe8 24. Rxe8 Rxe8 25. Rb1 b5 26. Kf1 Rb8 27. Ke2
Nd5 28. f3 f5 29. h3 Kf7 30. g4 g6 31. Rf1 Ke6 32. Rg1 Kf7 33. gxf5 gxf5 34.
fxe4 fxe4 35. Rg5 Nf6 36. Be1 h6 37. Re5 Rg8 38. Rxb5 Rg2+ 39. Bf2 Rh2 40. Rc5
Rxh3 41. Rxc4 Rh2 42. Rc5 Kg6 43. Rc8 Kg7 44. Rc7+ Kg6 45. Rc6 Kg7 46. Rc7+ Kg6
1/2-1/2

[Event "4NCL Division Two"]
[Site "Milton Keynes, ENG"]
[Date "2023.04.30"]
[Round "10.38"]
[White "Walsh, Marcus"]
[Black "Chaban, Roxolana"]
[Result "1-0"]
[WhiteElo "1928"]
[BlackElo "1766"]
[PlyCount "61"]
[EventDate "2023.04.30"]
[WhiteTeam "The ADs"]
[BlackTeam "KJCA Kings"]

1. e4 c5 2. d4 cxd4 3. c3 d3 4. Bxd3 Nc6 5. c4 g6 6. Nf3 Bg7 7. Nc3 d6 8. h3
Be6 9. Qe2 Nf6 10. Be3 O-O 11. Rc1 Nd7 12. O-O Nde5 13. Nxe5 Nxe5 14. b3 b6 15.
Bb1 Rc8 16. Rfd1 f5 17. f4 Nd7 18. Nb5 a6 19. Nd4 Bxd4 20. Bxd4 Nc5 21. Ba1
fxe4 22. b4 Nd7 23. Qxe4 Bf5 24. Qd5+ Rf7 25. Bxf5 gxf5 26. Rd3 Kf8 27. Rg3 b5
28. c5 dxc5 29. Rd1 Rc7 30. bxc5 e6 31. Qd6+ 1-0

[Event "4NCL Division Two"]
[Site "Milton Keynes, ENG"]
[Date "2023.04.30"]
[Round "10.51"]
[White "Foisor, Sabina-Francesca"]
[Black "Chan, Kim Yew"]
[Result "0-1"]
[WhiteElo "2185"]
[BlackElo "2390"]
[PlyCount "114"]
[EventDate "2023.04.30"]
[WhiteTeam "The Sharks 2"]
[BlackTeam "SchachAttack"]

1. d4 Nf6 2. c4 e6 3. Nf3 b6 4. g3 Bb7 5. Bg2 Bb4+ 6. Bd2 a5 7. a3 Bxd2+ 8.
Nbxd2 O-O 9. O-O c5 10. dxc5 bxc5 11. Qc2 Nc6 12. Rfd1 Qe7 13. e3 Rfd8 14. Rac1
d6 15. Nb1 Rac8 16. Nc3 d5 17. cxd5 exd5 18. Bh3 Rb8 19. Ne2 Ne4 20. Nc3 Nf6
21. Ne2 d4 22. exd4 Nb4 23. axb4 Bxf3 24. Re1 cxb4 25. Qc5 Re8 26. Qxe7 Rxe7
27. Nf4 Rxe1+ 28. Rxe1 a4 29. Ra1 Ra8 30. Bg2 Bxg2 31. Kxg2 a3 32. bxa3 bxa3
33. Nd3 Nd5 34. Nc1 Nb4 35. Na2 Nxa2 36. Rxa2 f5 37. Kf3 Kf7 38. Ke3 Ke6 39.
Kd3 Kd5 40. f3 g5 41. Kc3 f4 42. g4 Ra7 43. Kd3 h6 44. Kc3 Ra6 45. Kd3 Re6 46.
Rf2 Re3+ 47. Kc2 Kxd4 48. h4 gxh4 49. Rh2 Rxf3 50. Rxh4 Rg3 51. Rxh6 Rxg4 52.
Ra6 Rg2+ 53. Kb1 Rg3 54. Ra4+ Ke5 55. Kc1 Kf5 56. Kd1 Re3 57. Kd2 Kg4 0-1

[Event "4NCL Division Two"]
[Site "Milton Keynes, ENG"]
[Date "2023.04.30"]
[Round "10.52"]
[White "Waller, Dan"]
[Black "Bremner, Adam"]
[Result "1/2-1/2"]
[WhiteElo "2164"]
[BlackElo "2161"]
[PlyCount "115"]
[EventDate "2023.04.30"]
[WhiteTeam "SchachAttack"]
[BlackTeam "The Sharks 2"]

1. e4 c6 2. d4 d5 3. e5 Bf5 4. h4 h5 5. Bd3 Bxd3 6. Qxd3 Qa5+ 7. Nd2 e6 8. Ngf3
Nh6 9. O-O Nf5 10. c4 Be7 11. g3 O-O 12. a3 Rd8 13. b4 Qa6 14. Qc3 Nd7 15. c5
b6 16. Nb3 Nf8 17. Re1 Qb5 18. Bd2 Rdc8 19. a4 Qa6 20. a5 b5 21. Bg5 Rc7 22.
Kh2 Nh7 23. Bxe7 Rxe7 24. Rg1 Nh6 25. Kg2 Rf8 26. Nh2 f5 27. f3 Qc8 28. a6 Ref7
29. Kf2 Kh8 30. Na5 Rd7 31. Nb7 Qe8 32. Rg2 Qe7 33. Rh1 f4 34. Nf1 fxg3+ 35.
Nxg3 g6 36. Ke2 Rf4 37. Qe3 Qf8 38. Nd6 Ng8 39. Rh3 Ne7 40. Nh1 Rd8 41. Nf2 Rf5
42. Rh1 Qg7 43. Nh3 Rdf8 44. Nxf5 Nxf5 45. Qf2 Ne7 46. Qg3 Nf5 47. Qf2 Ne7 48.
Rhg1 Qf7 49. Rg3 Nf5 50. Rxg6 Nxd4+ 51. Qxd4 Qxf3+ 52. Kd2 Qxh3 53. Rg7 Qb3 54.
R1g2 Qa2+ 55. Ke3 Qb3+ 56. Kd2 Qa2+ 57. Ke3 Qb3+ 58. Kd2 1/2-1/2

[Event "4NCL Division Two"]
[Site "Milton Keynes, ENG"]
[Date "2023.04.30"]
[Round "10.53"]
[White "Purton, Ben J"]
[Black "Simmons, Matthew"]
[Result "1-0"]
[WhiteElo "2204"]
[BlackElo "2127"]
[PlyCount "81"]
[EventDate "2023.04.30"]
[WhiteTeam "The Sharks 2"]
[BlackTeam "SchachAttack"]

1. e4 Nf6 2. e5 Nd5 3. c4 Nb6 4. d4 d6 5. f4 g6 6. Be3 Bg7 7. Nc3 Be6 8. Nf3
O-O 9. b3 c6 10. Be2 a5 11. Qd2 f6 12. exd6 exd6 13. O-O d5 14. c5 N6d7 15. a3
Na6 16. Rab1 Bf5 17. Rb2 Re8 18. Nh4 Be4 19. Nxe4 Rxe4 20. Bd3 Re7 21. f5 g5
22. Nf3 h6 23. g4 Qc7 24. Bf2 Bf8 25. b4 axb4 26. axb4 h5 27. Bg3 Qd8 28. gxh5
Bh6 29. Bd6 Rh7 30. Qe2 Nc7 31. b5 Ne8 32. bxc6 bxc6 33. Qe6+ Kh8 34. Bg3 Ra3
35. Rd1 Re7 36. Qxc6 Re3 37. Qxd5 Raxd3 38. Rxd3 Rxd3 39. c6 Qa8 40. cxd7 Qxd5
41. dxe8=Q+ 1-0

[Event "4NCL Division Two"]
[Site "Milton Keynes, ENG"]
[Date "2023.04.30"]
[Round "10.54"]
[White "Fan, Allen Chi Zhou"]
[Black "Birtwistle, Nigel"]
[Result "0-1"]
[WhiteElo "2147"]
[BlackElo "2196"]
[PlyCount "76"]
[EventDate "2023.04.30"]
[WhiteTeam "SchachAttack"]
[BlackTeam "The Sharks 2"]

1. Nf3 c5 2. c4 g6 3. g3 Bg7 4. Bg2 Nc6 5. O-O e5 6. Nc3 Nge7 7. a3 a5 8. Rb1
O-O 9. Ne1 d6 10. Nc2 Be6 11. d3 Rb8 12. b4 b6 13. Nd5 Qd7 14. Bg5 f6 15. Bd2
axb4 16. axb4 f5 17. e3 Bf7 18. b5 Nd8 19. Na3 Ne6 20. Qb3 f4 21. exf4 Nxd5 22.
cxd5 Nd4 23. Qc4 Qb7 24. Rbe1 Ra8 25. Nb1 Be8 26. Nc3 exf4 27. Bxf4 Rxf4 28.
gxf4 Qf7 29. Re4 Bd7 30. Rfe1 Bf5 31. Re6 Bg4 32. Ne4 Qxf4 33. Nxd6 Be5 34.
R6xe5 Qxe5 35. Ne4 Ra1 36. d6+ Kg7 37. f3 Rxe1+ 38. Kf2 Re2+ 0-1

[Event "4NCL Division Two"]
[Site "Milton Keynes, ENG"]
[Date "2023.04.30"]
[Round "10.55"]
[White "Price, Gwilym"]
[Black "Voyiakis, Emmanuel"]
[Result "1/2-1/2"]
[WhiteElo "2159"]
[BlackElo "2210"]
[PlyCount "81"]
[EventDate "2023.04.30"]
[WhiteTeam "The Sharks 2"]
[BlackTeam "SchachAttack"]

1. e4 c5 2. Nf3 d6 3. d4 cxd4 4. Nxd4 Nf6 5. Nc3 g6 6. Be3 Bg7 7. f3 O-O 8. Qd2
Nc6 9. O-O-O Bd7 10. g4 Rc8 11. Be2 Ne5 12. h4 Qa5 13. Kb1 Rxc3 14. Qxc3 Qxc3
15. bxc3 Rc8 16. Kb2 Be8 17. Nb3 Nfd7 18. Bd4 Nb6 19. f4 Nec4+ 20. Kc1 e5 21.
Bxb6 Nxb6 22. f5 Na4 23. Bf3 Nxc3 24. Rxd6 Nxa2+ 25. Kb2 Nc3 26. Ra1 Bc6 27.
Rxc6 Rxc6 28. Rxa7 b5 29. Rd7 b4 30. Na5 Ra6 31. Rd8+ Bf8 32. Nc4 f6 33. g5
Ra2+ 34. Kc1 Ra1+ 35. Kd2 Rf1 36. Ke3 gxf5 37. exf5 e4 38. Bg4 Rg1 39. Kf4 Rf1+
40. Ke3 Rg1 41. Kf4 1/2-1/2

[Event "4NCL Division Two"]
[Site "Milton Keynes, ENG"]
[Date "2023.04.30"]
[Round "10.56"]
[White "Wilks, Simon"]
[Black "Milson, Samuel A"]
[Result "1/2-1/2"]
[WhiteElo "2213"]
[BlackElo "2184"]
[PlyCount "92"]
[EventDate "2023.04.30"]
[WhiteTeam "SchachAttack"]
[BlackTeam "The Sharks 2"]

1. e4 e6 2. d4 d5 3. Nc3 dxe4 4. Nxe4 Nd7 5. Nf3 Ngf6 6. Nxf6+ Nxf6 7. Bd3 Be7
8. Bg5 h6 9. Bh4 c5 10. O-O O-O 11. dxc5 Qa5 12. c3 Qxc5 13. Qe2 Rd8 14. Rad1
Bd7 15. Ne5 Be8 16. Rfe1 Nd5 17. Bxe7 Qxe7 18. Qe4 Nf6 19. Qf3 Rac8 20. Bc2
Rxd1 21. Rxd1 Rc5 22. Qe3 Qc7 23. Re1 b6 24. Bb3 Nd5 25. Qd4 Nf6 26. f4 Bc6 27.
f5 Bd5 28. fxe6 fxe6 29. Bxd5 Rxd5 30. Qe3 Qc5 31. Qxc5 Rxc5 32. h3 Rd5 33. Re2
Kf8 34. Kf2 Ke7 35. Nc6+ Kd7 36. Nd4 Rd6 37. Nb5 Rd5 38. Nd4 Rd6 39. Re5 a6 40.
Kf3 g5 41. a4 a5 42. g3 Ne8 43. Ke4 Nf6+ 44. Kf3 Ne8 45. Ke3 Nf6 46. Kf3 Ne8
1/2-1/2

[Event "4NCL Division Two"]
[Site "Milton Keynes, ENG"]
[Date "2023.04.30"]
[Round "10.57"]
[White "Lentzos, Ioanis"]
[Black "Hng, Mei-En Emmanuelle"]
[Result "1-0"]
[WhiteElo "2186"]
[BlackElo "2118"]
[PlyCount "89"]
[EventDate "2023.04.30"]
[WhiteTeam "The Sharks 2"]
[BlackTeam "SchachAttack"]

1. c4 d6 2. Nc3 Nf6 3. g3 c5 4. Bg2 Nc6 5. Nf3 g6 6. O-O Bg7 7. a3 O-O 8. Rb1
d5 9. cxd5 Nxd5 10. Nxd5 Qxd5 11. d3 Qd6 12. Nd2 Nd4 13. e3 Ne6 14. Nc4 Qc7 15.
b4 Rb8 16. Bb2 b6 17. Bxg7 Kxg7 18. bxc5 Qxc5 19. Rc1 f6 20. Qb3 Qh5 21. d4 Bd7
22. Rfd1 Rfc8 23. Qb4 Kf8 24. d5 Nc5 25. e4 Ba4 26. Ne3 Bxd1 27. Rxd1 a5 28.
Qb5 Qe5 29. Nc4 Qc7 30. d6 exd6 31. Rxd6 Nxe4 32. Bxe4 Qxc4 33. Rxf6+ Kg7 34.
Qe5 Qxe4 35. Rxg6+ Kxg6 36. Qxe4+ Kg7 37. Qe7+ Kg8 38. a4 Re8 39. Qg5+ Kf7 40.
f4 Re1+ 41. Kf2 Rbe8 42. Qd5+ Kg6 43. Qd3+ Kh6 44. Qb5 R1e6 45. Qg5# 1-0

[Event "4NCL Division Two"]
[Site "Milton Keynes, ENG"]
[Date "2023.04.30"]
[Round "10.58"]
[White "Nicholas, Koichi B"]
[Black "McCarthy, Kevin C"]
[Result "1-0"]
[WhiteElo "2173"]
[BlackElo "2001"]
[PlyCount "103"]
[EventDate "2023.04.30"]
[WhiteTeam "SchachAttack"]
[BlackTeam "The Sharks 2"]

1. e4 e6 2. d4 d5 3. Nc3 a6 4. Bd3 Nc6 5. Nf3 Nf6 6. Bg5 Be7 7. e5 Nd7 8. Bxe7
Qxe7 9. Qd2 h6 10. O-O Nb6 11. Nd1 Bd7 12. a4 Nb4 13. a5 Nc8 14. Be2 Na7 15. c3
Nbc6 16. b4 Nd8 17. Nb2 Bb5 18. Nd3 b6 19. Nfe1 O-O 20. f4 f5 21. exf6 Rxf6 22.
Ne5 Bxe2 23. Qxe2 Nb5 24. Rf3 Nb7 25. Ng4 Rg6 26. Nf2 Qf7 27. Ned3 Rf6 28. Ne5
Qe8 29. Rg3 Rf5 30. Qg4 Qe7 31. Qf3 N7d6 32. Qd3 bxa5 33. Rxa5 Rxf4 34. Ng6 Qf6
35. Nxf4 Qxf4 36. Rf3 Qc1+ 37. Qd1 Qb2 38. Qe1 Kh8 39. h3 Re8 40. Rxa6 Qc2 41.
Re3 Qf5 42. Ra2 Nc4 43. Rf3 Qg6 44. Nd3 Nbd6 45. Rg3 Qe4 46. Re2 Qh4 47. Nc5
Nf5 48. Rf3 Qh5 49. Rxe6 Rxe6 50. Qxe6 Nh4 51. Rf8+ Kh7 52. Qg8+ 1-0

[Event "4NCL Division Two"]
[Site "Milton Keynes, ENG"]
[Date "2023.04.30"]
[Round "10.21"]
[White "Cumming, Rhys"]
[Black "Berry, Neil"]
[Result "1/2-1/2"]
[WhiteElo "2360"]
[BlackElo "2252"]
[PlyCount "41"]
[EventDate "2023.04.30"]
[WhiteTeam "Sussex Martlets 1"]
[BlackTeam "Alba"]

1. e4 e5 2. Nf3 Nc6 3. Bc4 Bc5 4. c3 Nf6 5. d4 exd4 6. e5 d5 7. Bb5 Ne4 8. cxd4 Bb6 9. Nc3 O-O 10. Be3 Bg4 11. h3 Bh5 12. Qc2 Ba5 13. O-O Bxf3 14. gxf3 Ng5 15. Kg2 Bxc3 16. bxc3 Ne6 17. f4 f5 18. Qa4 Qh4 19. Bxc6 bxc6 20. Qxc6 Rae8 21. Qxd5 1/2-1/2

[Event "4NCL Division Two"]
[Site "Milton Keynes, ENG"]
[Date "2023.04.30"]
[Round "10.22"]
[White "Gourlay, Iain"]
[Black "Forster, Matthew"]
[Result "1-0"]
[WhiteElo "2297"]
[BlackElo "2119"]
[PlyCount "91"]
[EventDate "2023.04.30"]
[WhiteTeam "Alba"]
[BlackTeam "Sussex Martlets 1"]

1. e4 c5 2. Nf3 g6 3. Bc4 Bg7 4. c3 Nc6 5. d4 d6 6. O-O Nf6 7. d5 Ne5 8. Nxe5 dxe5 9. f3 O-O 10. Be3 Qc7 11. a4 b6 12. Na3 a6 13. b4 Ne8 14. Be2 Nd6 15. Qb3 Bd7 16. Rfb1 Rfb8 17. Rc1 h5 18. Nc4 Kh7 19. Qa2 f6 20. Qd2 Rc8 21. a5 Nxc4 22. Bxc4 b5 23. Be2 c4 24. Rd1 e6 25. Bb6 Qb7 26. f4 Bh6 27. Be3 exd5 28. fxe5 Bxe3+ 29. Qxe3 dxe4 30. exf6 Bc6 31. Rd4 Qf7 32. Rf1 Rd8 33. g4 Rd5 34. Rxd5 Bxd5 35. g5 Kg8 36. Rd1 Be6 37. Qxe4 Re8 38. Bf3 Bg4 39. Qd5 Qxd5 40. Bxd5+ Kf8 41. Rd2 h4 42. Bc6 Rc8 43. Rd6 Rc7 44. Rd8+ Kf7 45. Be8+ Ke6 46. Bxg6 1-0

[Event "4NCL Division Two"]
[Site "Milton Keynes, ENG"]
[Date "2023.04.30"]
[Round "10.23"]
[White "Willson, Ollie"]
[Black "Olson, Hamish"]
[Result "1/2-1/2"]
[WhiteElo "2135"]
[BlackElo "2304"]
[PlyCount "94"]
[EventDate "2023.04.30"]
[WhiteTeam "Sussex Martlets 1"]
[BlackTeam "Alba"]

1. d4 d5 2. c4 e6 3. Nf3 Nf6 4. g3 Bb4+ 5. Bd2 Be7 6. Bg2 O-O 7. O-O Nbd7 8. Qc2 c6 9. Bf4 h6 10. Rd1 a5 11. Nbd2 Nh5 12. Be3 Bd6 13. Nf1 Qe7 14. Bd2 Nhf6 15. Bc3 dxc4 16. e4 Bc7 17. Ne3 b5 18. d5 cxd5 19. exd5 Bb7 20. Nd4 Qc5 21. dxe6 Bxg2 22. Nxg2 Ne5 23. Qf5 Nd5 24. Be1 Nd3 25. Ne3 Nxe3 26. Qxc5 Nxc5 27. exf7+ Rxf7 28. fxe3 b4 29. a3 b3 30. Rdc1 Nd3 31. Rxc4 a4 32. Bc3 Ne5 33. Rc5 Bd6 34. Rd5 Nc4 35. Nf5 Bf8 36. Bd4 g6 37. Nh4 Bg7 38. Nxg6 Nxb2 39. Ne5 Bxe5 40. Rxe5 Nc4 41. Rc5 b2 42. Rb1 Raf8 43. Bxb2 Nxe3 44. Rcc1 Rf2 45. Bd4 Rg2+ 46. Kh1 Rff2 47. Bxe3 Rxh2+ 1/2-1/2

[Event "4NCL Division Two"]
[Site "Milton Keynes, ENG"]
[Date "2023.04.30"]
[Round "10.24"]
[White "McKay, Roderick M"]
[Black "Grant, David J"]
[Result "1/2-1/2"]
[WhiteElo "2207"]
[BlackElo "2209"]
[PlyCount "25"]
[EventDate "2023.04.30"]
[WhiteTeam "Alba"]
[BlackTeam "Sussex Martlets 1"]

1. d3 e5 2. Nf3 Nc6 3. g3 d5 4. Bg2 Nf6 5. O-O Be6 6. e4 dxe4 7. dxe4 Bc5 8. Qe2 Qe7 9. Nbd2 O-O 10. Nb3 Bb6 11. Nh4 Qb4 12. Bd2 Qc4 13. Qxc4 1/2-1/2

[Event "4NCL Division Two"]
[Site "Milton Keynes, ENG"]
[Date "2023.04.30"]
[Round "10.25"]
[White "Payne, Matthew J"]
[Black "Shafi, Declan"]
[Result "1/2-1/2"]
[WhiteElo "2153"]
[BlackElo "2177"]
[PlyCount "43"]
[EventDate "2023.04.30"]
[WhiteTeam "Sussex Martlets 1"]
[BlackTeam "Alba"]

1. e4 e5 2. Nf3 Nc6 3. Bc4 Bc5 4. c3 Nf6 5. d4 exd4 6. e5 d5 7. Bb5 Ne4 8. cxd4 Bb6 9. Nc3 O-O 10. O-O Be6 11. Qa4 Ne7 12. Bd3 Bf5 13. Qc2 Nc6 14. Nxe4 dxe4 15. Bxe4 Nxd4 16. Nxd4 Bxe4 17. Qxe4 Qxd4 18. Qxd4 Bxd4 19. Bf4 Rfe8 20. Rfe1 Rad8 21. Re2 Re6 22. Kf1 1/2-1/2

[Event "4NCL Division Two"]
[Site "Milton Keynes, ENG"]
[Date "2023.04.30"]
[Round "10.26"]
[White "White, Stuart A"]
[Black "Graham, David B"]
[Result "0-1"]
[WhiteElo "2051"]
[BlackElo "2206"]
[PlyCount "78"]
[EventDate "2023.04.30"]
[WhiteTeam "Alba"]
[BlackTeam "Sussex Martlets 1"]

1. d4 Nf6 2. c4 g6 3. Nc3 Bg7 4. e4 d6 5. Nf3 O-O 6. Be2 e5 7. Be3 exd4 8. Nxd4 Re8 9. f3 c6 10. Bf2 d5 11. exd5 cxd5 12. O-O Nc6 13. c5 Nh5 14. Qd2 Be5 15. g3 Ng7 16. Rfd1 Bf5 17. Bb5 Bxd4 18. Bxd4 Ne6 19. Bf2 Nc7 20. Ba4 Qf6 21. Qf4 Qe5 22. Qxe5 Rxe5 23. f4 Re7 24. Nxd5 Nxd5 25. Rxd5 Re2 26. b3 Nb4 27. Re5 Rc2 28. Rae1 Nd3 29. Re8+ Rxe8 30. Rxe8+ Kg7 31. Bd4+ Kh6 32. Bb5 Nxc5 33. Re2 Rc1+ 34. Kf2 b6 35. Re1 Ne4+ 36. Kf1 Bh3+ 37. Ke2 Bg4+ 38. Kf1 Nd2+ 39. Kf2 Rxe1 0-1

[Event "4NCL Division Two"]
[Site "Milton Keynes, ENG"]
[Date "2023.04.30"]
[Round "10.27"]
[White "Blake, J Morgan"]
[Black "Roy, Ali"]
[Result "1/2-1/2"]
[WhiteElo "2130"]
[BlackElo "1925"]
[PlyCount "109"]
[EventDate "2023.04.30"]
[WhiteTeam "Sussex Martlets 1"]
[BlackTeam "Alba"]

1. e4 e6 2. d4 d5 3. Nd2 dxe4 4. Nxe4 Nd7 5. Nf3 Ngf6 6. Bd3 Nxe4 7. Bxe4 Nf6 8. Bd3 c5 9. c3 Be7 10. O-O O-O 11. Qe2 b6 12. Rd1 Qc7 13. Ne5 Bb7 14. Bf4 Bd6 15. Rac1 Rac8 16. Bg5 Be7 17. dxc5 Qxc5 18. b4 Qc7 19. Nd7 Qc6 20. f3 Rfd8 21. Nxf6+ Bxf6 22. Bxf6 gxf6 23. Qe3 f5 24. Qg5+ Kh8 25. Qf6+ Kg8 26. Qg5+ Kh8 27. Qf6+ Kg8 28. c4 Rd6 29. Qg5+ Kh8 30. Qf6+ Kg8 31. Qg5+ Kh8 32. c5 bxc5 33. Qf6+ Kg8 34. Qg5+ Kh8 35. Qf6+ Kg8 36. bxc5 Rd5 37. Qg5+ Kf8 38. Qh6+ Ke7 39. Qg5+ Kf8 40. Qh6+ Ke7 41. Qh4+ Kf8 42. Qxh7 Rxc5 43. Rb1 a5 44. h4 Qc7 45. Qh6+ Ke7 46. Qg5+ Kf8 47. f4 Be4 48. h5 Qe7 49. Qh6+ Kg8 50. Bxe4 fxe4 51. Rb3 Rc3 52. Rb5 R3c5 53. Rb3 Rc3 54. Rb5 R3c5 55. Rb3 1/2-1/2

[Event "4NCL Division Two"]
[Site "Milton Keynes, ENG"]
[Date "2023.04.30"]
[Round "10.28"]
[White "Vijayakumar, Rishi"]
[Black "Graham, Cassie M"]
[Result "1/2-1/2"]
[WhiteElo "1846"]
[BlackElo "1997"]
[PlyCount "102"]
[EventDate "2023.04.30"]
[WhiteTeam "Alba"]
[BlackTeam "Sussex Martlets 1"]

1. d4 Nf6 2. c4 g6 3. Nf3 Bg7 4. g3 O-O 5. Bg2 d5 6. cxd5 Nxd5 7. O-O Nc6 8. e3 Re8 9. Nc3 Nb6 10. Re1 a5 11. d5 Nb4 12. e4 e6 13. a3 Na6 14. Bg5 f6 15. Be3 Nc4 16. Qe2 Nxe3 17. Qxe3 exd5 18. Rad1 Be6 19. Qc1 Qc8 20. exd5 Bf7 21. Nd4 Rxe1+ 22. Rxe1 Nc5 23. Qe3 Ra6 24. b4 axb4 25. axb4 Nd7 26. Ne6 Nf8 27. b5 Rb6 28. Qc5 Nxe6 29. dxe6 Rxe6 30. Rc1 b6 31. Qd4 f5 32. Qd2 Rd6 33. Qf4 Rd4 34. Qe3 Qe6 35. Qxe6 Bxe6 36. Ne2 Rc4 37. Re1 Kf8 38. Bc6 Bh6 39. Nf4 Bxf4 40. Rxe6 Rc1+ 41. Kg2 Bd6 42. Re2 g5 43. Rd2 Ke7 44. Rd5 Ke6 45. Rd2 Re1 46. Rd5 h6 47. Rd2 Kf6 48. Rc2 h5 49. Rd2 f4 50. h3 fxg3 51. fxg3 Re3 1/2-1/2